000 00636cam1a220021700 4500
001 zam00002192
008 951128s1977 xx eng u
035 _a(Sirsi) r19571
035 _a(MACHINE)SLC.
100 1 _aGregory, K. J. (Kenneth John)
_qGregory, K. J. (Kenneth John)
_6A12101.1
245 1 0 _aRiver channel changes.
260 _c1977.
949 _aGB561
_wlcc
_mMAIN
_p2500
_tSHORTLOAN
_lSHORTLOAN
004 19571
591 _aClass code: G 911.
591 _aCourse: Advanced geomorphology.
591 _aSchool: S09.
591 _aLecturer: Mr. MBINJI, M.
591 _aNumber of Students: 55.
909 _aBook
999 _c169682
_d169682